|
|
|
|
| LEADER |
00000nam0a2200000 4500 |
| 001 |
367142 |
| 005 |
20231102011943.0 |
| 035 |
|
|
|a (RuTPU)RU\TPU\retro\24505
|
| 090 |
|
|
|a 367142
|
| 100 |
|
|
|a 20220302d1979 km y0rusy50 ca
|
| 101 |
0 |
|
|a rus
|
| 102 |
|
|
|a RU
|
| 105 |
|
|
|a a z 001zy
|
| 200 |
1 |
|
|a Тектонические структуры и закономерности размещения полезных ископаемых на территории Забайкалья
|f Академия наук СССР, Сибирское отделение, Бурятский геологический институт ; отв. ред. Ц. О. Очиров
|
| 210 |
|
|
|a Улан-Удэ
|c Изд-во Бурятского филиала СО АН СССР
|d 1979
|
| 215 |
|
|
|a 132 с.
|c ил.
|
| 320 |
|
|
|a Библиогр. в конце ст.
|
| 606 |
1 |
|
|a Геология структурная
|2 stltpush
|3 (RuTPU)RU\TPU\subj\6122
|9 34080
|
| 606 |
1 |
|
|a Рудные месторождения, эндогенные
|2 stltpush
|3 (RuTPU)RU\TPU\subj\26020
|9 50039
|
| 610 |
1 |
|
|a тектонические структуры
|
| 610 |
1 |
|
|a размещения
|
| 610 |
1 |
|
|a полезные ископаемые
|
| 610 |
1 |
|
|a Забайкалье
|
| 610 |
1 |
|
|a сейсмичность
|
| 610 |
1 |
|
|a сейсмостойкое строительство
|
| 675 |
|
|
|a 551.243
|v 4
|
| 675 |
|
|
|a 553.3/.4.062
|v 4
|
| 702 |
|
1 |
|a Очиров
|b Ц. О.
|4 340
|
| 712 |
0 |
2 |
|a Академия наук СССР
|b Сибирское отделение
|b Бурятский геологический институт
|c (Улан-Удэ)
|c (1973-1991)
|2 stltpush
|3 (RuTPU)RU\TPU\col\11435
|9 25093
|
| 801 |
|
1 |
|a RU
|b 63413507
|c 20220302
|
| 942 |
|
|
|c BK
|